|
|
|
|
| LEADER |
00000nam0a2200000 4500 |
| 001 |
29237 |
| 005 |
20231030203240.0 |
| 010 |
|
|
|a 5030013350
|
| 035 |
|
|
|a (RuTPU)RU\TPU\book\29497
|
| 035 |
|
|
|a BOOK00029572
|
| 090 |
|
|
|a 29237
|
| 100 |
|
|
|a 20011209d1992 k y0rusy50 ca
|
| 101 |
1 |
|
|a rus
|c eng
|
| 102 |
|
|
|a RU
|
| 105 |
|
|
|a a z 001zy
|
| 200 |
1 |
|
|a Термодинамическое моделирование в геологии. Минералы, флюиды и расплавы
|e пер. с англ.
|f Р. К. Ньютон [и др.]
|g под ред. И. С. Е. Кармайкла ; Х. П. Ойгстера
|
| 210 |
|
|
|a Москва
|c Мир
|d 1992
|
| 215 |
|
|
|a 531 с.
|c ил.
|
| 300 |
|
|
|a Авт. указ. на обороте тит. л.
|
| 320 |
|
|
|a Библиогр. в конце глав.
|
| 320 |
|
|
|a Указ. предм., имен.: с. 519-531.
|
| 330 |
|
|
|a Книга ведущих американских учёных в области физико-химической геологии представляет собой сборник обзоров по всем важнейшим разделам сравнительно молодой и интенсивно развивающейся отрасли наук о Земле – термодинамическому моделированию. Это не только сбалансированный сборник обзора современного состояния теории моделей природного минералообразования, но и сборник малых монографий по актуальным вопросам петрологии, которые по необходимости могут служить учебниками.Для экспериментаторов в области петрологии, минералогии и геохимии, для геологов, использующих термодинамические методы в своих исследованиях, а также для аспирантов и студентов-геологов.
|
| 610 |
1 |
|
|a геология
|
| 610 |
1 |
|
|a термодинамика геологическая
|
| 610 |
1 |
|
|a минералообразование
|
| 610 |
1 |
|
|a термодинамические расчеты
|
| 610 |
1 |
|
|a минералы
|
| 610 |
1 |
|
|a флюиды
|
| 610 |
1 |
|
|a расплавы
|
| 675 |
|
|
|a 553.21/.24
|v 3
|
| 701 |
|
1 |
|a Ньютон
|b Р. К.
|g Роберт К.
|
| 701 |
|
1 |
|a Навротски
|b А.
|
| 701 |
|
1 |
|a Вуд
|b Б. Дж.
|
| 701 |
|
1 |
|a Питцер
|b К. С.
|
| 701 |
|
1 |
|a Уир
|b Дж. Х.
|
| 701 |
|
1 |
|a Сверенский
|b Д. А.
|
| 701 |
|
1 |
|a Холлоуэй
|b Дж. Р.
|
| 701 |
|
1 |
|a Бримхолл
|b Дж. Х.
|
| 701 |
|
1 |
|a Крерар
|b Д. А.
|
| 701 |
|
1 |
|a Ферри
|b Дж. М.
|
| 701 |
|
1 |
|a Баумгартнер
|b Л. К.
|
| 701 |
|
1 |
|a Ойгстер
|b Х. П.
|
| 701 |
|
1 |
|a Берман
|b Р.
|
| 701 |
|
1 |
|a Браун
|b Т.
|
| 701 |
|
1 |
|a Гиорсо
|b М. С.
|
| 702 |
|
1 |
|a Кармайкл
|b И. С. Е.
|g Иэн С. Е.
|4 340
|
| 702 |
|
1 |
|a Ойгстер
|b Х. П.
|4 340
|
| 801 |
|
0 |
|a RU
|b 63413507
|c 20011209
|g PSBO
|
| 801 |
|
2 |
|a RU
|b 63413507
|c 20190617
|g PSBO
|
| 900 |
|
|
|a Компьютерное моделирование физико-химических процессов в компонентах природы
|
| 900 |
|
|
|a Математическое моделирование физико-химических процессов водно-геологических систем
|
| 942 |
|
|
|c BK
|